| 000 | 00384nam a22001457a 4500 | ||
|---|---|---|---|
| 020 | _qPB. | ||
| 040 | _cFizza Isahq | ||
| 082 |
_a658.4092 _bPER |
||
| 100 |
_aPerry, Smith M. _9133614 |
||
| 245 |
_aRules and Tools for Leaders / _cPerry M. Smith. |
||
| 250 | _aRevised Ed. | ||
| 260 |
_aNew York : _bPerigee Books, _c1998. |
||
| 300 |
_a296 p. ; _c6 x 1 x 9 inches |
||
| 942 |
_2ddc _cBK |
||
| 999 |
_c616573 _d616573 |
||